000 00384nam a2200157Ia 4500
008 210210b2001 xxu||||| |||| 00| 0 eng d
020 _a81 85328 21 8
082 _a823.8 CHES
100 _aCHEKHOV (Anton).
245 _aSelected stories.
260 _aCalcutta.
_bUnited Writers.,
_c2001
300 _a304
650 _aStories
690 _aEnglish Fiction
906 _a057618
999 _c104997
_d104997